| 000 | 00499nam a2200157Ia 4500 | ||
|---|---|---|---|
| 008 | 210716s1995 xx 000 0 und d | ||
| 020 | _a0024182648 | ||
| 041 | _aeng | ||
| 082 | _a658.802 SUDD | ||
| 100 | _aSudharshan, D. | ||
| 245 |
_aMarketing strategy: relationships, offerings, timing and resource allocation. _bRelationships, offerings, timing and resource allocation. |
||
| 250 | _a1 | ||
| 260 |
_aNew Jercy _bPrentice hall Inc _c1995 |
||
| 300 | _axvii,446 | ||
| 650 | _aMarketing Strategy | ||
| 999 |
_c203020 _d203020 |
||